00813nam a2200205Ia 4500008004000000020001800040041000800058082001700066100002100083245002700104260004500131300001100176650001400187650001700201690001700218906001100235999001900246952017100265952017100436210210b2011 xxu||||| |||| 00| 0 eng d a9788173198519 aeng a574.192 SRIM aSRIVASTAVA (M L) aMicrobial biochemistry aNew DelhibNarosa Publishing Housec2011 axi,513 aMicrobial abiochemistry aBiochemistry a069988 c119485d119485 001040708MicrobiologyaALbALcBiochemistryd2021-02-17eHigginbothams Pvt. Ltd, Mangalore-03g520.00l0o574.192 SRIMp069989r2021-02-17 00:00:00w2021-02-17yBK 001040708MicrobiologyaALbALcBiochemistryd2021-02-17eHigginbothams Pvt. Ltd, Mangalore-03g520.00l0o574.192 SRIMp069988r2021-02-17 00:00:00w2021-02-17yBK